|
|
|
|
| LEADER |
01284nam a2200289 u 4500 |
| 001 |
10114555 |
| 003 |
upatras |
| 005 |
20231021063205.0 |
| 008 |
141203s2011 gr gre |
| 020 |
|
|
|a 9789600114287
|
| 040 |
|
|
|a ΠΑΝΕΠΙΣΤΗΜΙΟ ΠΑΤΡΑΣ
|c ΠΑΝΕΠΙΣΤΗΜΙΟ ΠΑΤΡΑΣ
|
| 041 |
0 |
|
|a gre
|
| 082 |
0 |
4 |
|a 398.09495
|
| 100 |
1 |
|
|a Puchner, Walter,
|d 1947-
|4 aut
|9 8019
|
| 245 |
1 |
0 |
|a Δοκίμια λαογραφικής θεωρίας
|c Βάλτερ Πούχνερ
|
| 260 |
|
|
|a Αθήνα
|b Gutenberg
|c 2011
|
| 300 |
|
|
|a 373 σ.
|c 25 εκ.
|
| 504 |
|
|
|a Περιέχει βιβλιογραφία και ευρετήρια.
|
| 650 |
|
4 |
|a Λαογραφία
|x Θεωρία, μέθοδοι κλπ.
|9 37359
|
| 650 |
|
4 |
|a Λαογραφία
|z Ελλάδα
|9 5979
|
| 650 |
|
4 |
|a Λογοτεχνία και λαογραφία
|9 47646
|
| 650 |
|
4 |
|a Ποδόσφαιρο
|x Λαογραφία
|9 141803
|
| 852 |
|
|
|a GR-PaULI
|b ΠΑΤΡΑ
|b ΘΕΑΤΡΟΛΟΓΙΑ
|k ΑΣΧΕ-3
|h 398.09495 PUC
|m 013324
|p 025000137442
|t 1
|
| 942 |
|
|
|2 ddc
|c BK15
|
| 952 |
|
|
|0 0
|1 0
|4 0
|6 398_094950000000000_PUC
|7 0
|9 171857
|a THST
|b THST
|d 2016-04-24
|i 013324
|l 1
|o 398.09495 PUC
|p 025000137442
|r 2022-04-08 00:00:00
|s 2022-03-30
|t 1
|w 2016-04-24
|y BK15
|
| 998 |
|
|
|c ΜΑΝΙΑ
|d 2014-12
|
| 999 |
|
|
|c 107558
|d 107558
|